000 00661nam a22002417a 4500
001 20647
003 UA-OsUOA
005 20230913121658.0
007 ta
008 20031102b un ||||| |||| 00| 0 ukr d
040 _aUA-OsUOA
_brus
_cUA-OsUOA
_dUA-OsUOA
041 _arus
044 _aRU
080 _a78:929
090 _a78:929
_bГ14
100 _aГайдамович Т. А.
245 _aСвятослав Кнушевицкий
_bмонографический очерк
260 _aМосква
_bСоветский композитор
_c1985
300 _a114 с.
_bІлюстрації
650 7 _2UDC
942 _cBK
_2udc
955 _a0
999 _c306827
_d306827